00390 a2200145 450000500170000002000180001708200140003510000150004924500250006426000390008930000490012870000240017770000200020170000230022120250619085209.0 a0-07-142999-9 a658.4 COL aCOLLEY, J. aCorporate Governance aNew YorkbMcGraw-Hill Irwinc2003. axii, 259p.:ill.;charts, figuresbindexc23cm aJacqueline L. Doyle aGeorge W. Logan aWallace Stettinius